Estadísticas para Países por las Banderas Limítrofes #2

Haz click aquí para intentar la prueba.

Estadísticas generales

  • Esta prueba ha sido intentada 4.380 veces
  • La puntuación promedio es 15 de 20

Estadísticas de respuestas

BanderasPaís% Correcto
Portugal
99%
Corea del Sur
88%
Vaticano o
San Marino
87%
Mónaco
84%
Estonia
81%
Finlandia
81%
Marruecos
79%
Chile
77%
México
77%
Liechtenstein
76%
Luxemburgo
76%
Surinam
76%
Butan or
Nepal
75%
Moldavia
75%

Pakistán
70%
Yemen or Emiratos
Árabes Unidos
68%
República Dominicana
65%
Vietnam
62%
Papua Nueva Guinea
o Timor Oriental
56%
Burundi
42%

Distribución de puntuación

Porcentaje por número respondido

Porcentaje de gente con cada puntuación

Historial de tus puntuaciones

No has intentado esta prueba.